Biblioteca

The foot book / Dr. Seuss (Registro nro. 49208)

Detalles MARC
000 -LÍDER
Campo fijo de descripción fija 003350000a22001450004500
082 04 - NÚMERO DE CLASIFICACIÓN DECIMAL DEWEY
Número de clasificación Se81f
001 - NÚMERO DE CONTROL
Campo de control 2058
100 1# - ASIENTO PRINCIPAL--NOMBRE PERSONAL
Nombre personal Dr. Seuss
245 10 - TÍTULO
Título del Material The foot book / Dr. Seuss
260 ## - PUBLICACIÓN, DISTRIBUCIÓN, ETC. (PIE DE IMPRENTA)
Lugar de publicación, distribución, etc. New York : Grolier Book
300 ## - DESCRIPCIÓN FÍSICA
Extensión [34 P.]
650 14 - ASIENTO SECUNDARIO DE MATERIA - TERMINO TEMÁTICO
Término temático o nombre geográfico como elemento de entrada Cuentos Infantiles estadounidenses
942 ## - TIPO DE MATERIAL (KOHA)
Tipo de Item KOHA Z- Libro General BINCO
Existencias
Estado de Material Estado de Perdido Volumen-Parte/Tomo Estado de Dañado No para Préstamo Tomo Biblioteca de Origen Biblioteca Permanente Fecha de Adquisición Total de Préstamos Total de Renovaciones Signatura Topográfica Código de Barras Última vez visto Última vez Préstado Ejemplar/Existencia Fecha de Remplazo Tipo de Material
            Biblioteca Infantil Comunitaria BINCO Biblioteca Infantil Comunitaria BINCO 14/09/2009 3 1 Se81f B32688 12/10/2017 09/10/2017 1 26/01/2016 Z- Libro General BINCO

Biblioteca FUSBC | Teléfono: (57+4) 349 88 10 Ext. 141| WhatsApp (+57) 3005338115 
E-mail: biblioteca@unisbc.edu.co | Calle 76 87-14 Robledo Palenque, Medellín, Colombia

Con tecnología Koha